000
00261nam a22001217a 4500
008
230621b xxu||||| |||| 00| 0 eng d
082
_a
328.06
_b
IPU
100
_c
IPU
245
_a
Inter-Parliamentary Union
260
_b
IPU
300
_a
15p
942
_2
ddc
_c
BK
999
_c
2075
_d
2075